|
|
|
|
| LEADER |
03155nam a22004093i 4500 |
| 001 |
EBC31465759 |
| 003 |
MiAaPQ |
| 005 |
20240729202206.0 |
| 006 |
m o d | |
| 007 |
cr cnu|||||||| |
| 008 |
240729s2024 xx o ||||0 ger d |
| 020 |
|
|
|a 9783111320137
|q (electronic bk.)
|
| 035 |
|
|
|a (MiAaPQ)EBC31465759
|
| 035 |
|
|
|a (Au-PeEL)EBL31465759
|
| 035 |
|
|
|a (OCoLC)1439602236
|
| 040 |
|
|
|a MiAaPQ
|b eng
|e rda
|e pn
|c MiAaPQ
|d MiAaPQ
|
| 100 |
1 |
|
|a Butz, Magdalena.
|
| 245 |
1 |
0 |
|a Aufmerksamkeit und Wachsamkeit :
|b Praktiken und Semantiken in der Mittelalterlichen Literatur und Frömmigkeit.
|
| 250 |
|
|
|a 1st ed.
|
| 264 |
|
1 |
|a Berlin/Boston :
|b Walter de Gruyter GmbH,
|c 2024.
|
| 264 |
|
4 |
|c {copy}2024.
|
| 300 |
|
|
|a 1 online resource (326 pages)
|
| 336 |
|
|
|a text
|b txt
|2 rdacontent
|
| 337 |
|
|
|a computer
|b c
|2 rdamedia
|
| 338 |
|
|
|a online resource
|b cr
|2 rdacarrier
|
| 490 |
1 |
|
|a Vigilanzkulturen / Cultures of Vigilance Series ;
|v v.8
|
| 505 |
0 |
|
|a Intro -- Inhalt -- Aufmerksamkeit und Wachsamkeit. Praktiken und Semantiken in der mittelalterlichen Literatur und Frömmigkeit -- Das Vokabular der Aufmerksamkeit in der biblisch-hebräischen Gebetssprache und seine lateinische Wiederga -- achtsam, wachsam und auch aufmerksam - Beobachtungen zur Wortgeschichte im Mittel- und Frühneuhochdeutschen -- Wie Wachsamkeit ein Kulturmuster wird. Zur Wirkungsgeschichte des paulinischen Weckrufs Römer 13,11-14 -- Vigilate itaque quia nescitis diem neque horam (Mt 25,13). Eschatologische Wachsamkeit mit Blick auf den Antichrist und die Quindecim Signa / Fünfzehn Zeichen vor dem Jüngsten Gericht (QS/FZ) -- Seelsorge - Andacht - Gewissen. Die Dynamik religiöser Aufmerksamkeitslenkung zwischen 1400 und 1521 -- Aufstieg zu Gott in der Zelle. Wilhelm von Saint-Thierry und sein Brief an die Kartäuser von Mont-Dieu -- Vom Sichtbaren zum Unsichtbaren. Ziele menschlicher Aufmerksamkeit im Traktat Vom inneren Haus -- Ermahnung zur Wachsamkeit - Anleitung zur Unterscheidungsfähigkeit. Zu Bertholds von Regensburg Predigt Von der ûzsetzikeit -- Wachsam oder gelassen. Ein mystisches Gedicht vor prosaischem Hintergrund -- Schnelles Beten, langsames Beten. Über Aufmerksamkeit in Heinrich Wittenwilers Ring und in der Frömmigkeitskultur des 14. und 15. Jahrhunderts -- „Leiter, Führer und Dollmetscher" für die Liturgie. Praktiken der Aufmerksamkeit in kleinen Liturgiken des 19. Jahrhunderts.
|
| 588 |
|
|
|a Description based on publisher supplied metadata and other sources.
|
| 590 |
|
|
|a Electronic reproduction. Ann Arbor, Michigan : ProQuest Ebook Central, 2024. Available via World Wide Web. Access may be limited to ProQuest Ebook Central affiliated libraries.
|
| 655 |
|
4 |
|a Electronic books.
|
| 700 |
1 |
|
|a Kellner, Beate.
|
| 700 |
1 |
|
|a Reichlin, Susanne.
|
| 700 |
1 |
|
|a Rugel, Agnes.
|
| 776 |
0 |
8 |
|i Print version:
|a Butz, Magdalena
|t Aufmerksamkeit und Wachsamkeit
|d Berlin/Boston : Walter de Gruyter GmbH,c2024
|
| 797 |
2 |
|
|a ProQuest (Firm)
|
| 830 |
|
0 |
|a Vigilanzkulturen / Cultures of Vigilance Series
|
| 856 |
4 |
0 |
|u https://ebookcentral.proquest.com/lib/matrademy/detail.action?docID=31465759
|z Click to View
|